000 01234nam a2200349 a 4500
001 0000241
003 DO-SdBNP
005 20180306104935.0
007 0000241
008 150130s20uu dr abc 000 0 spa d
020 _a99454444077
040 _aBPMSU
_bspa
_cBPMSU
092 _a372.7
_bR788m 5to. [2000?]
100 1 _aRosa, María del Jesús, de la
245 1 0 _aMatemática 5 :
_b[educación básica] /
_cMaría del Jesús de la Rosa, Francisca Antonia Medrano
260 _aSanto Domingo :
_bActualidad Escolar 2000,
_c[2000?].
300 _a176 p. :
_bil., retrs. ;
_c28 cm.
490 1 _aSigma
500 _aLa biblioteca posee el "Libro del maestro¨
505 1 _tLos mapas --
_tRuta de la historia --
_tEl agua: recurso vital --
_tMedidas --
650 _aMATEMATICAS
_xENSEÑANZA BÁSICA
650 _aMATEMÁTICAS
_xENSEÑANZA ELEMENTAL
650 _aEDUCACIÓN PRIMARIA
_zREPÚBLICA DOMINICANA
650 _aMATEMÁTICAS
_xLIBROS DE TEXTOS
650 _aMATEMÁTICAS
_xESTUDIOS Y EJERCICIOS
700 1 _aMedrano, Francisca Antonia
830 0 _aSigma
910 _aValidado. Control de calidad MFF
942 _2ddc
_cBK
945 _aRemanejado para la BNPHU / 2018 VM
956 _aYLOCKWARD
_b10
999 _c9568
_d9568